Előadások [rövid hír]
Elmentve itt :
| Dokumentumtípus: | Cikk |
|---|---|
| Megjelent: |
1934-10-23
|
| Sorozat: | Délmagyarország
10 No. 239 |
| Kulcsszavak: | Deér József, Ferenc József Tudományegyetem Barátainak Egyesülete előadás 1934 |
| Online Access: | http://dmarchiv.bibl.u-szeged.hu/32639 |
| LEADER | 00470nab a2200145 i 4500 | ||
|---|---|---|---|
| 001 | delm32639 | ||
| 005 | 20180927105636.0 | ||
| 008 | 180927s1934 hu o 0|| hun d | ||
| 040 | |a SZTE Délmagyarország Archívum |b hun | ||
| 041 | |a hun | ||
| 245 | 0 | 0 | |a Előadások |h [elektronikus dokumentum] : |b [rövid hír] |
| 260 | |c 1934-10-23 | ||
| 300 | |a 6 | ||
| 490 | 0 | |a Délmagyarország |v 10 No. 239 | |
| 695 | |a Deér József, Ferenc József Tudományegyetem Barátainak Egyesülete előadás 1934 | ||